| 000 | 01521nma a22002657a 4500 | ||
|---|---|---|---|
| 006 | g q || | ||
| 999 |
_c71404 _d71404 |
||
| 005 | 20210325212429.0 | ||
| 007 | co mgaaaaaa | ||
| 008 | s2554 th gq h tha d | ||
| 040 | _aNALT | ||
| 041 | _atha | ||
| 090 | _aCD2289/1, CD2289/2 | ||
| 245 | 1 | 0 |
_aสืบสานพระราชปณิธาน สามทศวรรษจรัสหล้า การพัฒนาเด็กและเยาวชนในถิ่นทุรกันดาร [electronic resource] / _cสำนักงานเสริมสร้างเอกลักษณ์ของชาติ. |
| 260 | 3 |
_aกรุงเทพฯ : _bสำนักงานเสริมสร้างเอกลักษณ์ของชาติ, _c2554 |
|
| 300 |
_a1 CD - ROM : _bเสียง., สี. _c4 3/4 นิ้ว. |
||
| 650 | 0 | 4 | _aโครงการพัฒนาเด็กและเยาวชนในถิ่นทุรกันดาร |
| 650 | 0 | 4 | _aเยาวชน -- การศึกษา |
| 650 | 0 | 4 | _aเด็ก -- การศึกษา |
| 650 | 0 | 4 | _aเทพรัตนราชสุดาฯ สยามบรมราชกุมารี, สมเด็จพระ -- พระราชกรณียกิจ |
| 650 | 0 | 4 | _aเยาวชน -- ไทย |
| 650 | 0 | 4 | _aเด็ก -- ไทย |
| 850 | _aNALT | ||
| 942 |
_cCD _2local |
||